The Manhattan confessions / Jocelyn Green.
Available copies
- 0 of 1 copy available at LARL/NWRL Consortium. (Show)
- 0 of 1 copy available at Northwest Regional Library.
Current holds
0 current holds with 1 total copy.
Show Only Available Copies
| Location | Call Number / Copy Notes | Barcode | Shelving Location | Status | Due Date |
|---|---|---|---|---|---|
| Red Lake Falls Public Library | lp C GRE (Text) | 35500006935215 | New | Checked out | 07/16/2026 |
Record details
- ISBN: 9798891648531
- Physical Description: 519 pages (large print) ; 23 cm.
- Edition: Center Point Large Print edition.
- Publisher: Thorndike, Maine : Center Point Large Print, 2026.
- Copyright: ©2026
Content descriptions
| General Note: | Regular print version previously published by: Bethany House. Includes discussion questions and author's note with historical background information. |
| Summary, etc.: | "This sweeping historical romance set against the ... Read More |
Search for related items by subject
| Genre: | Christian fiction. Historical fiction. Detective and mystery fiction. Large print books. |
Search for related items by series
| LDR | 03540cam a2200637 i 4500 | ||
|---|---|---|---|
| 001 | 487644 | ||
| 003 | LARL_NWRL_CONSORTIUM | ||
| 005 | 20260514140307.0 | ||
| 008 | 260325t20262026meu ed 000 f eng d | ||
| 007 | tb | ||
| 010 | . | ‡a 2026932056 | |
| 040 | . | ‡aCPLPT ‡beng ‡erda ‡cCPLPT ‡dOCLCO ‡dOCLCQ ‡dOWL | |
| 020 | . | ‡a9798891648531 ‡q(hardback : alk. paper ; ‡qlarge print) | |
| 035 | . | ‡a(OCoLC)1581592334 | |
| 043 | . | ‡an-us-ny | |
| 082 | 0 | 4. | ‡a813.6 ‡223/eng/2019 |
| 100 | 1 | . | ‡aGreen, Jocelyn, ‡eauthor. ‡1https://id.oclc.org/worldcat/entity/E39PCjKcyRM6x6RQVG8grMrtTd ‡0(LARL_NWRL_CONSORTIUM)221144 |
| 245 | 1 | 4. | ‡aThe Manhattan confessions / ‡cJocelyn Green. |
| 250 | . | ‡aCenter Point Large Print edition. | |
| 264 | 1. | ‡aThorndike, Maine : ‡bCenter Point Large Print, ‡c2026. | |
| 264 | 4. | ‡c©2026 | |
| 300 | . | ‡a519 pages (large print) ; ‡c23 cm. | |
| 336 | . | ‡atext ‡btxt ‡2rdacontent | |
| 337 | . | ‡aunmediated ‡bn ‡2rdamedia | |
| 338 | . | ‡avolume ‡bnc ‡2rdacarrier | |
| 340 | . | ‡n16-point type. | |
| 340 | . | ‡nlarge print. ‡2rdafs | |
| 341 | 0 | . | ‡bLarge type / large print edition ‡2onix |
| 490 | 0 | . | ‡aOn Central Park ; ‡v3 |
| 500 | . | ‡aRegular print version previously published by: Bethany House. | |
| 500 | . | ‡aIncludes discussion questions and author's note with historical background information. | |
| 520 | . | ‡a"This sweeping historical romance set against the backdrop of 1920s Manhattan, New York, and Ellis Island features family secrets, immigration, and a librarian's quest for justice. Ivy Malone, the New-York Historical Society's librarian, is dedicated to preserving Manhattan's rich history, but when society grand dame Adeline King anonymously reveals her shocking life story, Ivy finds herself holding a highly coveted secret. Burdened with the responsibility of keeping Adeline's identity hidden, Ivy finds the matter increasingly complicated when two men claim ties to the elderly woman-one of them accusing Adeline of involvement in a crime. Another dilemma brews when Ivy's cousin, Gina, is detained at Ellis Island for lack of proper documentation. Hoping an immigration service can resolve the misunderstanding, Ivy employs their help but is instead thrust into a dangerous world. With time running out, she must unravel the tangle of secrets that bind Adeline's past, Gina's freedom, and her own safety. Who can she trust, and how far is she willing to go to protect those she loves?"-- ‡cProvided by publisher. | |
| 610 | 2 | 0. | ‡aNew-York Historical Society ‡xEmployees ‡vFiction. |
| 650 | 0. | ‡aLibrarians ‡vFiction. ‡0(LARL_NWRL_CONSORTIUM)172743 | |
| 650 | 0. | ‡aFalse personation ‡vFiction. ‡0(LARL_NWRL_CONSORTIUM)164926 | |
| 650 | 0. | ‡aImmigrants ‡zNew York (State) ‡zNew York ‡vFiction. | |
| 650 | 0. | ‡aNineteen twenties ‡vFiction. ‡0(LARL_NWRL_CONSORTIUM)173718 | |
| 650 | 0. | ‡aLarge type books. ‡0(LARL_NWRL_CONSORTIUM)24284 | |
| 651 | 0. | ‡aNew York (N.Y.) ‡xHistory ‡y1898-1951 ‡vFiction. | |
| 655 | 7. | ‡aChristian fiction. ‡2lcgft | |
| 655 | 7. | ‡aHistorical fiction. ‡2lcgft | |
| 655 | 7. | ‡aDetective and mystery fiction. ‡2lcgft | |
| 655 | 7. | ‡aLarge print books. ‡2lcgft | |
| 901 | . | ‡a487644 ‡bAUTOGEN ‡c487644 ‡tbiblio | |

Add to basket
Permalink
Enable Highlighting